02613nam a2200373 a 4500001001000000003000900010005001700019007001000036008004100046020002500087020002500112040002200137082002400159100003400183245011700217260007800334300004200412500004200454504003100496505088600527590002601413650004301439650005601482700004001538710004701578910001201625942001201637945000601649952013901655952014201794952013901936952014902075999001502224000039281DO-SdBNP20210507114017.0000039281130621s2012 dr a 000 0 spa d a9789945472127 (v. 1) a9789945472165 (v. 2) aBPMSUbspacBPMSU a627bM519h 20122221 aMeléndez Valencia, Martín10aHidráulica :bprácticas de laboratorio /cMartín Meléndez Valencia, Juan Ernesto Castellanos Cunillera. aSanto Domingo :bInstituto Tecnológico de Santo Domingo (INTEC),c2012. a2 v. :bil., retrs., gráfs.c29 cm. aIncluye notas al pie de las páginas aBibliografía : p. 99-100 aDeterminación de la altura total y curvas de caracterísicas de una bomba centrifuga -- Determinación de la altura de elevación total de la bomba -- Determinación de las curvas características de una bomba centrifuga -- Control de NPSH -- Bombas en serie y en paralelo -- Bombas que operan en serie -- Bombas que operan en paralelo -- Turbina Pelton -- Teorema de Torricelli I: flujo a travéz de un orificio -- Determinación del coeficiente de velocidad desde la trayectoria de un chorro de caída libre -- Determinación del coeficiente de descarga con una carga de fluido constante -- Flujo caraterístico sobre un aliviadero de una presa o a través de un sifón -- Características de flujo a través de un vertedor de Sifón -- Características de flujo a través de un sifón regulado por aire -- Flujo característico para una compuerta radial. 6Inventariado, 2021/VM 4aHidráulicavManuales de laboratorio. 4aIngeniería hidráulicavManuales de laboratorio.1 aCastellanos Cunillera, Juan Ernesto2 aInstituto Tecnológico de Santo Domingo  aVMateo  2ddccBK a  00102ddc4070aBPMETbBPMETd2015-11-06eEditora Búhol0oBPMSU CD 627 M519h 2012pBPMSU15110121r2015-11-06tv. 1w2015-11-06yBK 00102ddc4070aBPMETbBPMETd2015-11-06eEditora Búhol0oBPMSU CD 627 M519h 2012pBPMSU15110122r2015-11-06tv. 1, 2w2015-11-06yBK 00102ddc4070aBPMETbBPMETd2015-11-06eEditora Búhol0oBPMSU CD 627 M519h 2012pBPMSU15110123r2015-11-06tv. 2w2015-11-06yBK 00102ddc40708CDaBPMETbBPMETd2015-11-06eEditora Búhol0oBPMSU CD 627 M519h 2012pBPMSU15110124r2015-11-06tv. 2, e. 2w2015-11-06yBK c8602d8602